Статистическая модель кремниевых солнечных батарей, работающих под воздействием природных и аппаратных факторов; Известия Томского политехнического университета [Известия ТПУ]; Т. 314, № 4: Энергетика
| Источник: | Известия Томского политехнического университета [Известия ТПУ]/ Томский политехнический университет (ТПУ).— , 2000- Т. 314, № 4: Энергетика.— 2009.— [С. 142-148] |
|---|---|
| Главный автор: | |
| Другие авторы: | , |
| Примечания: | Заглавие с титульного листа Электронная версия печатной публикации Обоснована статистическая модель работы кремниевой солнечной батареи при воздействии основных факторов окружающей среды (солнечная радиация, влажность, температура, скорость ветра). Представлена методика прогнозирования вырабатываемой мощности солнечной батареей с точностью до 5 %, основанная на лабораторных исследованиях и учете климатических данных. |
| Язык: | русский |
| Опубликовано: |
2009
|
| Серии: | Энергетика |
| Предметы: | |
| Online-ссылка: | http://www.lib.tpu.ru/fulltext/v/Bulletin_TPU/2009/v314/i4/34.pdf |
| Формат: | Электронный ресурс Статья |
| Запись в KOHA: | https://koha.lib.tpu.ru/cgi-bin/koha/opac-detail.pl?biblionumber=175482 |
MARC
| LEADER | 00000nla2a2200000 4500 | ||
|---|---|---|---|
| 001 | 175482 | ||
| 005 | 20240223064748.0 | ||
| 035 | |a (RuTPU)RU\TPU\book\190271 | ||
| 035 | |a RU\TPU\book\190270 | ||
| 090 | |a 175482 | ||
| 100 | |a 20100215d2009 k y0rusy50 ca | ||
| 101 | 0 | |a rus | |
| 102 | |a RU | ||
| 135 | |a drnn ---uucaa | ||
| 181 | 0 | |a i | |
| 182 | 0 | |a b | |
| 200 | 1 | |a Статистическая модель кремниевых солнечных батарей, работающих под воздействием природных и аппаратных факторов |f А. В. Юрченко, А. В. Волгин, А. В. Козлов | |
| 203 | |a Текст |c электронный | ||
| 215 | |a 1 файл (391 Кб) | ||
| 225 | 1 | |a Энергетика | |
| 300 | |a Заглавие с титульного листа | ||
| 300 | |a Электронная версия печатной публикации | ||
| 320 | |a [Библиогр.: с. 148 (3 назв.)] | ||
| 330 | |a Обоснована статистическая модель работы кремниевой солнечной батареи при воздействии основных факторов окружающей среды (солнечная радиация, влажность, температура, скорость ветра). Представлена методика прогнозирования вырабатываемой мощности солнечной батареей с точностью до 5 %, основанная на лабораторных исследованиях и учете климатических данных. | ||
| 337 | |a Adobe Reader | ||
| 461 | 1 | |0 (RuTPU)RU\TPU\book\176237 |t Известия Томского политехнического университета [Известия ТПУ] |f Томский политехнический университет (ТПУ) |d 2000- | |
| 463 | 1 | |0 (RuTPU)RU\TPU\book\189963 |t Т. 314, № 4: Энергетика |v [С. 142-148] |d 2009 |p 169 с. | |
| 610 | 1 | |a солнечные батареи | |
| 610 | 1 | |a солнечные энергетические установки | |
| 610 | 1 | |a статистические модели | |
| 610 | 1 | |a энергия | |
| 610 | 1 | |a труды учёных ТПУ | |
| 610 | 1 | |a электронный ресурс | |
| 700 | 1 | |a Юрченко |b А. В. |c физик |c профессор Томского политехнического университета, доктор технических наук |f 1974- |g Алексей Васильевич |y Томск |3 (RuTPU)RU\TPU\pers\25599 |9 11528 | |
| 701 | 1 | |a Волгин |b А. В. |c специалист в области энергетических установок |c аспирант Томского политехнического университета |f 1986- |g Анатолий Валериевич |3 (RuTPU)RU\TPU\pers\25664 | |
| 701 | 1 | |a Козлов |b А. В. |c специалист в области неразрушающего контроля |c доцент Томского политехнического университета |f 1978- |g Артем Владимирович |3 (RuTPU)RU\TPU\pers\30261 | |
| 801 | 1 | |a RU |b 63413507 |c 20090623 |g PSBO | |
| 801 | 2 | |a RU |b 63413507 |c 20211214 |g PSBO | |
| 856 | 4 | |u http://www.lib.tpu.ru/fulltext/v/Bulletin_TPU/2009/v314/i4/34.pdf | |
| 942 | |c CF | ||